banner-ar

من كتاب الزهرة / (Record no. 36932)

MARC details
000 -الفاتح
حقل البيانات ثابتة الطول 00719nam a2200193Ia 4500
008 - عناصر البيانات ثابتة الطول - معلومات عامة
حقل البيانات ثابتة الطول 140319s9999 xx 000 0 ara d
040 ## - مصدر الفهرسة
وكالة الفهرسة الأصلية GCL /
وكالة النسخ GCL
082 04 - رقم تصنيف ديوى العشرى
رقم التصنيف 811.5
رقم المادة ا م
100 1# - المدخل الرئيسى - إسم شخصى
الإسم الشخصى الاصبهانى، ابوبكر محمد
245 10 - بيان العنوان
العنوان من كتاب الزهرة /
بيان المسئوليه,etc الاصبهانى، ابوبكر محمد
700 1# - المدخل الاضافى - اسم شخصى
الإسم الشخصى خالد محيى الدين البرادعى
260 ## - PUBLICATION, DISTRIBUTION, ETC. (IMPRINT)
تاريخ النشر أو التوزيع 1992
490 ## - بيان السلسلة
عنوان السلسلة المختار من التراث العربى
رقم المجلد/ التعيين التسلسلي 0
650 04 - المدخل الاضافى بالموضوع-مصطلح موضوعى
مصطلح موضوعي الشعر العربى
650 04 - المدخل الاضافى بالموضوع-مصطلح موضوعى
مصطلح موضوعي دواوين وقصائد
650 04 - المدخل الاضافى بالموضوع-مصطلح موضوعى
مصطلح موضوعي الشعر العربى - العصر العباسى الاول
942 ## - عناصر المدخل الإضافي( كوها)
مصدر التصنيف او مخطط الترفيف Dewey Decimal Classification
Koha [default] item type كتاب
260 ## - PUBLICATION, DISTRIBUTION, ETC. (IMPRINT)
-- [S.N] :
-- منشورات وزارة الثقافة ،
Holdings
حالة التراجع حالة الفقد حالة تلف ليس للاعارة المكان المؤقت الموقع الحالى تاريخ الاكتساب اجمالي اﻻعارات رقم الطلب الباركود تاريخ اخر مشاهدة تاريخ تفعيل السعر نوع وعاء كوها مصدر التصنيف او خطة الترفيف
        مكتبة القاهرة الكبرى مكتبة القاهرة الكبرى 03/26/2014   811.5\ا م 89813 03/26/2014 03/26/2014 كتاب  
        مكتبة القاهرة الكبرى مكتبة القاهرة الكبرى 03/26/2014   811.5\ا م 89814 03/26/2014 03/26/2014 كتاب  
        مكتبة القاهرة الكبرى مكتبة القاهرة الكبرى 03/26/2014   811.5\ا م 89815 03/26/2014 03/26/2014 كتاب  
        مكتبة القاهرة الكبرى مكتبة القاهرة الكبرى 03/26/2014   811.5\ا م 89816 03/26/2014 03/26/2014 كتاب  
        مكتبة القاهرة الكبرى مكتبة القاهرة الكبرى 03/26/2014   811.5\ا م 89817 03/26/2014 03/26/2014 كتاب  
        مكتبة القاهرة الكبرى مكتبة القاهرة الكبرى 09/17/2022   811.5\ا م 168475 09/17/2022 09/17/2022 كتاب ddc
        مكتبة القاهرة الكبرى مكتبة القاهرة الكبرى 09/17/2022   811.5\ا م 168476 09/17/2022 09/17/2022 كتاب ddc
        مكتبة القاهرة الكبرى مكتبة القاهرة الكبرى 09/17/2022   811.5\ا م 168477 09/17/2022 09/17/2022 كتاب ddc
        مكتبة القاهرة الكبرى مكتبة القاهرة الكبرى 09/17/2022   811.5\ا م 168478 09/17/2022 09/17/2022 كتاب ddc
        مكتبة القاهرة الكبرى مكتبة القاهرة الكبرى 09/17/2022   811.5\ا م 168479 09/17/2022 09/17/2022 كتاب ddc

Powered By

EGPV